000 00865nam a22002057a 4500
999 _c5394
_d5394
003 AR-CdUCM
008 190312b ||||| |||| 00| 0 spa d
040 _aMUNICIPALIDAD PROVINCIAL DEL CUSCO
_cBIBLIOTECA MUNICIPAL DEL CUSCO
082 _a348.61 /
_bO65
110 _aOrganizacion Internacional del Trabajo, Ginebra
_916258
245 _aLa revolución silenciosa :
_bEn los mares y en los pueblos /
260 _aGinebra :
_bConferencia Internacional del Trabajo ,
_c1970.
300 _a83 páginas ;
_c20.5 cm.
505 _aContenido : A modo de introduccion -- Los años de 1970 en alta mar -- El futuro de una profesión -- Hacia un código del pescador -- Una nueva relación laboral -- frente al porvenir...
650 _a1970
_916259
650 _aIndustria Pesquera
_916260
650 _aIndustria Militar
_916261
942 _2ddc
_cLIBROS
945 _artm